000 005160000a22001810004500
003 MACL
005 20160329132811.0
008 160329b xxu||||| |||| 00| 0 eng d
040 _aMACL
_cMACL
041 _aHindi
082 _a294
100 _aदेवी सावित्री
_948587
245 _aअमृतेय बुद्ध
260 _bएच. पी. भार्गव बुक हाउस
_c2003
_aआगरा
350 _a600
650 _aReligion
_948588
942 _cHIN
_k294
_2ddc
999 _c18651
_d18651